00669 2200229 4500001002100000005001500021035002000036007000300056008004100059020002200100082001000122084001600132100001700148245011500165250001000280260003400290300003100324650003600355504002600391990001100417990001100428INLIS00000000000425620191017024423 a0010-1019000108ta191017 g 0 ind  a978-602-1656-38-9 a745.5 a745.5 DIA c0 aDIANA, Cahya1 aCharadon Donat Karakter :bInspirasi Aneka Donat Lezat dengan Bentuk dan Karakter Lucu dan Unik /cDiana Cahya acet.1 aSurabaya :bTiara Aksa,c2015 a88 hlm. :bilus. ;c21 cm. 4aSENI DEKORASI. KERAJINAN TANGAN aBibliografi : hlm. 88 a6998 a a6998 b